000 00992aas a2200229 4500
999 _c53827
_d53827
001 768714001
003 CO-MdFUSB
005 20171120160706.0
008 170808s1997 xxu||||| |||| 00| 0 eng d
022 _a0098-9444
040 _aCO-MdFUSB
_bspa
_cCO-MdFUSB
_dCO-MdFUSB
041 _aeng
100 1 _aRochman, Bonnie
_eautor
242 1 0 _aIAA Presionado por las presiones religiosas :
_b ¿todavía está a cargo de la arqueología?
245 1 0 _aIAA Squeezed by religious pressures :
_bis it stll in charge of archaeology?
300 _aVolumen 23. Número 5 (1997), páginas 22-23
_c: 28 cm.
520 1 _aProblemáticas que se presentan en la IAA (Israel Antiquities Authority) Autoridad de Antigüedades de Israel debido a las presiones que tiene por grupos religiosos.
546 _aTexto en inglés
650 7 _9403
_aExcavaciones arqueológicas
773 0 _tBiblical Archaeology Review
_049395
_959488
_gVolumen 23. Número 5 (1997), páginas 22-23
_qPágina 22
942 _cANA